| 000 | 00696nam a2200181 i 4500 | ||
|---|---|---|---|
| 001 | 134196 | ||
| 003 | ES-MaACL | ||
| 005 | 20230906194624.0 | ||
| 007 | t| | ||
| 008 | 070906s1903 fr ||||1| fre d | ||
| 100 | 1 |
_aWyzewa, Teodor de. _9117484 |
|
| 245 | 1 | 0 |
_aPeintres de jadis et d'aujourdhui / _cTeodor de Wyzewa. |
| 260 |
_a[Tours : _bDeslis freres], _c1903. |
||
| 300 |
_a392 p. : _bil. ; _c20 cm. |
||
| 505 | 8 | _aContiene: Les peintres et la vie du Christ. - La peinture primitive allemande. - La peinture suisse. - Quelques figures de femmes peintres. - Deux préraphaélites. - Puvis de Chavannes. - P.-A. Renoir | |
| 650 | 0 | 4 |
_aPintura- _vHistoria. _916006 |
| 852 |
_aES-MaACL _jF-2485 |
||
| 999 |
_c134196 _d134196 |
||